| 000 | 00536nam a2200181Ia 4500 | ||
|---|---|---|---|
| 003 | GCL | ||
| 008 | 140319s9999 xx 000 0 ara d | ||
| 040 |
_aGCL / _cGCL |
||
| 082 | 0 | 4 |
_a330.15 _bح د |
| 100 | 1 | _aحازم الببلاوى | |
| 245 | 1 | 0 |
_aدليل الرجل العادى الى تاريخ الفكر الاقتصادى / _cحازم الببلاوى |
| 300 | _a183 ص | ||
| 490 | _a | ||
| 650 | 0 | 4 | _aالاقتصاد |
| 650 | 0 | 4 | _aالاقتصاد الدولى |
| 650 | 0 | 4 | _aالاقتصاد الحر |
| 942 |
_2ddc _cBK |
||
| 999 |
_c40801 _d40801 |
||